书目信息 |
| 题名: |
考点同步精练
|
|
| 作者: | 王厚军 主编 | |
| 分册: | 消防安全技术综合能力 | |
| 出版信息: | 北京 中国石化出版社 2019.08 |
|
| 页数: | 255页 | |
| 开本: | 26cm | |
| 丛书名: | ||
| 单 册: | ||
| 中图分类: | TU998.1 | |
| 科图分类: | ||
| 主题词: | 消防--xiao fang--安全技术--资格考试--自学参考资料 | |
| 电子资源: | ||
| ISBN: | 978-7-5114-5478-2 | |
| 000 | 01012nam 2200253 450 | |
| 001 | 2038447135 | |
| 005 | 20201107104054.70 | |
| 010 | @a978-7-5114-5478-2@dCNY72.00 | |
| 100 | @a20190918d2019 em y0chiy50 ea | |
| 101 | 0 | @achi |
| 102 | @aCN@b110000 | |
| 105 | @aak z 000yy | |
| 200 | 1 | @a考点同步精练@Akao dian tong bu jing lian@i消防安全技术综合能力@f主编王厚军 |
| 210 | @a北京@c中国石化出版社@d2019.08 | |
| 215 | @a255页@c图@d26cm | |
| 314 | @a王厚军, 硕士研究生学历, 高级工程师, 消防队、安监局技术专家等职。 | |
| 330 | @a本书分五章, 内容包括: 消防法及相关法律法规与消防职业道德 ; 建筑防火检查 ; 消防设施安装、检测与维护管理 ; 消防安全评估方法与技术 ; 消防安全管理。 | |
| 333 | @a注册消防工程师资格考试辅导用书 (2019年版) | |
| 517 | 1 | @a消防安全技术综合能力@Axiao fang an quan ji shu zong he neng li |
| 606 | 0 | @a消防@Axiao fang@x安全技术@x资格考试@j自学参考资料 |
| 690 | @aTU998.1@v5 | |
| 701 | 0 | @a王厚军@Awang hou jun@4主编 |
| 801 | 0 | @aCN@b人天书店@c20200929 |
| 905 | @aZUCC@dTU998.1@eW202 | |
| 考点同步精练.消防安全技术综合能力/主编王厚军.-北京:中国石化出版社,2019.08 |
| 255页:图;26cm |
| 使用对象:注册消防工程师资格考试辅导用书 (2019年版) |
| ISBN 978-7-5114-5478-2:CNY72.00 |
| 本书分五章, 内容包括: 消防法及相关法律法规与消防职业道德 ; 建筑防火检查 ; 消防设施安装、检测与维护管理 ; 消防安全评估方法与技术 ; 消防安全管理。 |
| ● |
| 相关链接 |
|
|
|
正题名:考点同步精练
索取号:TU998.1/W202
 
预约/预借
| 序号 | 登录号 | 条形码 | 馆藏地/架位号 | 状态 | 备注 |
| 1 | 1484980 | 214849805 | 建筑库201/201建筑库 140排1列4层/ [索取号:TU998.1/W202] | 在馆 | |
| 2 | 1484981 | 214849814 | 建筑库201/201建筑库 140排1列4层/ [索取号:TU998.1/W202] | 在馆 |